| 000 | 01964nam a22003857a 4500 | ||
|---|---|---|---|
| 001 | BRCA_9189 | ||
| 003 | FranzMayer | ||
| 005 | 20220809132614.0 | ||
| 008 | 220705b |||||||| |||| 00| 0 spa d | ||
| 020 | _a9786074612875 | ||
| 040 |
_bspa _cMFM |
||
| 041 | _aspa | ||
| 050 |
_aF1386.6 C37 _bB67 2020 |
||
| 245 | 3 |
_aEl Bosque de Chapultepec : _bSitio sagrado y natural de México |
|
| 260 |
_aMéxico : _bFideicomiso Pro Bosque de Chapultepec _bArtes de México y del Mundo _c2020 |
||
| 300 |
_a263 p. : _bil., fot. y map. ; _c26 x 32 cm. |
||
| 500 | _aUbicación: L59-N5 | ||
| 504 | _aBibliografía: p. 258-260 | ||
| 505 |
_tPresentación / _rSharon Fastlicht de Azcárraga |
||
| 505 |
_tCimientos sagrados: Chapultepec prehispánico / _rEduardo Matos Moctezuma |
||
| 505 |
_tChapultepec en la literatura náhuatl / _rMiguel León-Portilla |
||
| 505 |
_tVestigios de un pasado en confluencia. Cinco siglos de Chapultepec / _rAmparo Gómez Tepexicuapan y salvador Rueda Smithers |
||
| 505 |
_tPaisaje irrepetible / _rMiguel Ángel Fernández |
||
| 505 |
_tRevivir el prodigio / _rÁngeles Mastretta |
||
| 505 |
_tPaseos por el viejo y nuevo Chapultepec / _rÁngeles González Gamio |
||
| 505 |
_tChapultepec en el siglo XXI / _rMónica del Villar K. |
||
| 505 |
_tLa trama de la vida en el Bosque de Chapultepec / _rCarlos Galindo Leal |
||
| 505 |
_t¿Bosque urbano salvaje? / _rVance G. Martin |
||
| 505 |
_tChapultepec a la una de la tarde / _rHéctor de Mauleón |
||
| 505 |
_tPlenilunio de la muñeca / _rVicente Quirarte |
||
| 520 | _aEsta obra da testimonio y memoria de la enorme importancia que ha tenido y tiene el sitio en la vida y construcción de México y de su capital. Conocerlo es fundamental para su preservación. Conforma un noble homenaje al Bosque de Chapultepec, el gran bosque de todos los mexicanos. | ||
| 651 |
_2México _xHistoria _zBosque de Chapultepec _928425 |
||
| 942 |
_2lcc _cB |
||
| 999 |
_c10808 _d10808 |
||